000 00521nam a2200205Ia 4500
005 20250923150343.0
008 008 250917s9999 xx 000 0 eng d
037 _aTextual
040 _aDSWL
_beng
_cDSWL
041 _aeng
_2eng
084 _qDSWL
100 _aKreps,David
_9845047
245 0 _aGramsci and Foucault: A Reassessment
_cby Ed. Kreps David
260 _aEngland
_bAshgate Pub
_c2015
300 _a185p.
365 _aGBP
_b60
925 _g60
942 _cTEXL
999 _c1462550
_d1462550